000 01079nam a2200205Ia 4500
003 Ost
005 20260507075725.0
008 260507s9999||||xx |||||||||||||| ||und||
040 _cfsecg
041 _aara
082 _a658.404
100 _aعلام، سعد طه
_eمؤلف
245 0 _aدراسات الجدوى وتقييم المشروعات /
_c سعد طه علام
260 _aالقاهرة:
_bدار طبية للنشر والتوزيع والتجهيزات العلمية,
_c2003
300 _a293 صفحة؛
_c24 سم
520 _aيحتوي الكتاب على المحاور التالية: الإطار العام لدراسات الجدوى ، دراسة السوق و تقدير الطلب ، القيمة الزمنية للنقود، الدراسة التمويلية و حسابات القروض، التحليل المالي للمشروع، التحليل الإقتصادي للمشروع، التحليل البيئي للمشروع، الملاحق.
653 _aالمشروعات
653 _aدراسة الجدوى
942 _cكتاب
999 _c45971
_d45971